Подвижные игры для детей школьного возраста. Вып. 1: ˆ[‰Дождик] | ˆ[‰Ночные часовые] | ˆ[‰Перестрелка] (Запись № 13617346)

Подробности
000 -МАРКЕР
контрольное поле 01111nam2a2200241 4500
001 - ИДЕНТИФИКАТОР ЗАПИСИ
контрольное поле rc\3012260
005 - ИДЕНТИФИКАТОР ВЕРСИИ
контрольное поле 20260315064209.0
035 ## - ДРУГИЕ СИСТЕМНЫЕ НОМЕРА
Идентификатор записи (NLR Aleph) 007154720
100 ## - ДАННЫЕ ОБЩЕЙ ОБРАБОТКИ
Данные общей обработки 20110924d1944 u y0rusy50 ca
101 0# - ЯЗЫК РЕСУРСА
Язык текста, звукозаписи и т.д. русский
102 ## - СТРАНА ПУБЛИКАЦИИ ИЛИ ПРОИЗВОДСТВА
Страна публикации Российская Федерация
105 ## - ПОЛЕ КОДИРОВАННЫХ ДАННЫХ: ТЕКСТОВЫЕ МАТЕРИАЛЫ, МОНОГРАФИЧЕСКИЕ
Кодированные данные о монографическом текстовом документе y z |||||
200 1# - ЗАГЛАВИЕ И СВЕДЕНИЯ ОБ ОТВЕТСТВЕННОСТИ
Основное заглавие ˆ[‰Дождик]
-- ˆ[‰Ночные часовые]
-- ˆ[‰Перестрелка]
210 ## - ПУБЛИКАЦИЯ, РАСПРОСТРАНЕНИЕ И ДР.
Дата издания, распространения и т.д. 1944
215 ## - ФИЗИЧЕСКАЯ ХАРАКТЕРИСТИКА
Специфическое обозначение материала и объем 5 с.
300 ## - ОБЩИЕ ПРИМЕЧАНИЯ
Текст примечания Без обл.
461 #0 - УРОВЕНЬ НАБОРА
Встроенное поле 001rc\3012259
-- 2001#$aПодвижные игры для детей школьного возраста$eВып. 1-$fЛ. Былеева$gНКП РСФСР. Центр. дом худож. воспитания детей$vВып. 1
-- 700#1$aБылеева$bЛ.В.$gЛюдмила Васильевна$f1902-
Системный номер (АБИС) связанной записи 7187894
Автор Былеева, Л.В. (1902-)
Место публикации Москва
Дата публикации 1944
Первые сведения об ответственности Л. Былеева
Имя издателя, распространителя и т.д. Б. и.
Сведения, относящиеся к заглавию Вып. 1-
Заглавие Подвижные игры для детей школьного возраста
Номер тома Вып. 1
801 #0 - ИСТОЧНИК ЗАПИСИ
Страна Российская Федерация
Организация NLR
Правила каталогизации psbo
801 #1 - ИСТОЧНИК ЗАПИСИ
Страна Российская Федерация
Организация ELAR
Источник данных rusmarc
852 ## - МЕСТОНАХОЖДЕНИЕ И ШИФР ХРАНЕНИЯ
Идентификатор организации NLR
Шифр хранения (Call Number) Фк022 Г-2/195
942 ## - ДОПОЛНИТЕЛЬНЫЕ ЭЛЕМЕНТЫ ЗАПИСИ (АБИС)
Тип экземпляра АБИС Неопределено
980 ## - КОЛЛЕКЦИЯ
Название коллекции Национальная библиография

Нет доступных экземпляров.